[Event "Druzynowe Mistrzostwa Polski Juniorow - I Liga"]
[Site "Centrum Wypoczynkowo-Szkoleniowe Gwarek, Ustron"]
[Date "1899-12-30"]
[Round "4.7"]
[White "Bus, Konrad"]
[Black "Kowalski, Maciej"]
[Result "1-0"]
[WhiteTitle "k"]
[BlackTitle "k"]
[WhiteElo "2108"]
[BlackElo "2144"]

1. d4 Nf6 2. c4 d6 3. Nf3 Nbd7 4. Nc3 c6 5. e4 e5 6. Be2 Be7 7. O-O O-O 8. Qc2
Re8 9. d5 a5 10. h3 Nf8 11. Rd1 c5 12. Ne1 Ng6 13. Nd3 Nd7 14. Kh2 Ndf8 15. Be3
f5 16. exf5 Bxf5 17. Qd2 Bf6 18. f3 Nf4 19. Nxf4 exf4 20. Bxf4 Ng6 21. Bg3 h5
22. Bd3 Bxd3 23. Qxd3 Ne5 24. Qf1 h4 25. Bf2 Bg5 26. Ne4 Bf4+ 27. Kh1 Nf7 28.
Be1 Ng5 29. Nxg5 Qxg5 30. Bf2 Re7 31. Re1 Be5 32. Re4 Bg3 33. Rxe7 Qxe7 34. Re1
Qf6 35. Qe2 Be5 36. Qe4 g5 37. Qg4 Kh8 38. Be3 Bg3 39. Qh5+ Kg8 40. Bxg5 Qf5 41.
Re4 Rf8 42. Qg4 1-0

[Event "Druzynowe Mistrzostwa Polski Juniorow - I Liga"]
[Site "Centrum Wypoczynkowo-Szkoleniowe Gwarek, Ustron"]
[Date "1899-12-30"]
[Round "4.8"]
[White "Wacior, Maciej"]
[Black "Golenia, Jan"]
[Result "1/2-1/2"]
[WhiteTitle "I++"]
[BlackTitle "I"]
[WhiteElo "1934"]
[BlackElo "1792"]

1. d4 d5 2. Nf3 Nf6 3. Bf4 c5 4. c3 Nc6 5. e3 Bf5 6. Qb3 Qc8 7. dxc5 e6 8. Bb5
Bxc5 9. Ne5 Nd7 10. Nxd7 Qxd7 11. Nd2 O-O 12. O-O a6 13. Be2 Rac8 14. Nf3 Rfd8
15. Ne5 Nxe5 16. Bxe5 Rc6 17. Qd1 Bd6 18. Bxd6 Qxd6 19. Qd2 Rdc8 20. Rfd1 Qe7
21. Qd4 h6 22. Rd2 Qc7 23. Kh1 Qb6 24. Qh4 Bg6 25. h3 Qc7 26. Rad1 Qb6 27. g4
Rc5 28. Qg3 Qc6 29. Kh2 Qa4 30. h4 R5c7 31. h5 Bh7 32. c4 Rxc4 33. Bxc4 Qxc4 34.
g5 hxg5 35. Qxg5 f6 36. Qg3 Qc7 37. f4 Qf7 38. Qh4 Be4 39. Rg1 Kh7 40. Kg3 Qf8
41. Qh2 Qc5 42. Qe2 e5 43. fxe5 Qc7 44. Qg4 Qxe5+ 45. Qf4 Qxf4+ 46. Kxf4 Kh6 47.
b3 Rc3 48. Rb2 Rc7 49. Rd2 Rc3 50. Rb2 Rc7 51. Rd2 Rc3 52. Rb2 Rc7 1/2-1/2

[Event "Druzynowe Mistrzostwa Polski Juniorow - I Liga"]
[Site "Centrum Wypoczynkowo-Szkoleniowe Gwarek, Ustron"]
[Date "1899-12-30"]
[Round "4.9"]
[White "Golenia, Wojciech"]
[Black "Kabacinski, Krzysztof"]
[Result "0-1"]
[WhiteTitle "I"]
[BlackTitle "II"]
[WhiteElo "1750"]
[BlackElo "1565"]

1. e4 c6 2. d4 d5 3. e5 Bf5 4. Nf3 e6 5. Be2 Nd7 6. O-O c5 7. c3 Qb6 8. a4 a6 9.
b3 Ne7 10. Be3 Nc6 11. Nbd2 Be7 12. Qc1 Rc8 13. Qb2 cxd4 14. Nxd4 Nxd4 15. Bxd4
Bc5 16. Rac1 O-O 17. Nf3 Be4 18. b4 Bxd4 19. cxd4 Bxf3 20. Bxf3 Nb8 21. a5 Qb5
22. Be2 Qd7 23. b5 axb5 24. Bxb5 Nc6 25. Rc5 Qd8 26. Bxc6 Rxc6 27. Qxb7 Rxc5 28.
dxc5 Qxa5 29. c6 Qa8 30. Rb1 g6 31. Qb6 Kg7 32. g3 Qd8 33. Qc5 Qc7 34. Rb7 Qxe5
35. Qxf8+ Kxf8 36. c7 Qe1+ 37. Kg2 Qe4+ 38. Kf1 Qc4+ 39. Kg1 Kg7 40. Kg2 d4 0-1

[Event "Druzynowe Mistrzostwa Polski Juniorow - I Liga"]
[Site "Centrum Wypoczynkowo-Szkoleniowe Gwarek, Ustron"]
[Date "1899-12-30"]
[Round "4.10"]
[White "Rogala, Milosz"]
[Black "Gawor, Jan Pawel"]
[Result "1/2-1/2"]
[WhiteTitle "II"]
[BlackTitle "II"]
[WhiteElo "1356"]
[BlackElo "1519"]

1. e4 c5 2. Nf3 Nc6 3. d4 cxd4 4. Nxd4 Nf6 5. Nc3 e5 6. Ndb5 d6 7. Nd5 Nxd5 8.
exd5 Nb8 9. c4 a6 10. Nc3 Be7 11. Bd3 O-O 12. O-O f5 13. f3 f4 14. Ne4 Nd7 15.
Qc2 h6 16. Bd2 Rb8 17. Kh1 b6 18. b4 Bb7 19. Qb3 Kh8 20. a4 Nf6 21. Nxf6 Bxf6
22. Be4 Qe8 23. Be1 Qh5 24. Qd3 Bh4 25. Bxh4 Qxh4 26. Kg1 Qg5 27. Qe2 Rfc8 28.
Rfc1 a5 29. bxa5 bxa5 30. Qd2 Ba6 31. Qxa5 Bxc4 32. Qd2 Rc5 33. Rcb1 Qd8 34. Rxb8
Qxb8 35. Rb1 Qa7 36. Kh1 Rc8 37. Qb4 Qc7 38. Kg1 Qa7+ 39. Kh1 Qc7 40. Kg1 Qa7+
41. Kh1 Ba2 42. Ra1 Qe3 43. h3 1/2-1/2

[Event "Druzynowe Mistrzostwa Polski Juniorow - I Liga"]
[Site "Centrum Wypoczynkowo-Szkoleniowe Gwarek, Ustron"]
[Date "1899-12-30"]
[Round "4.11"]
[White "Jedrocha, Katarzyna"]
[Black "Antolak, Julia"]
[Result "1/2-1/2"]
[WhiteTitle "k"]
[BlackTitle "k+"]
[WhiteElo "1912"]
[BlackElo "1974"]

1. e4 c5 2. d3 Nc6 3. g3 d5 4. Nd2 Nf6 5. Bg2 g6 6. Ngf3 Bg7 7. O-O O-O 8. Re1
e6 9. c3 Qc7 10. e5 Ng4 11. d4 cxd4 12. cxd4 Nb4 13. Re2 b6 14. h3 Nh6 15. Nf1
Ba6 16. Re3 Qc2 17. Bd2 Qxd1 18. Rxd1 Nc6 19. Rc3 Rfc8 20. Rdc1 Na5 21. b3 Rxc3
22. Rxc3 Rc8 23. Rxc8+ Bxc8 24. g4 Bf8 25. Ne3 Ba6 26. Bf1 Bxf1 27. Kxf1 Kg7 28.
Nc2 Ng8 29. Ng1 h5 30. Kg2 hxg4 31. hxg4 Nc6 32. Ne2 a6 33. f4 a5 34. Kf3 f6 35.
a3 g5 36. Ng3 gxf4 37. exf6+ Nxf6 38. Bxf4 Be7 39. a4 Kg6 40. Bc7 Nd7 1/2-1/2

[Event "Druzynowe Mistrzostwa Polski Juniorow - I Liga"]
[Site "Centrum Wypoczynkowo-Szkoleniowe Gwarek, Ustron"]
[Date "1899-12-30"]
[Round "4.12"]
[White "Nowicka, Julia"]
[Black "Janiak, Izabela"]
[Result "1/2-1/2"]
[WhiteTitle "I"]
[BlackTitle "II"]
[WhiteElo "1298"]
[BlackElo "1142"]

1. e4 e5 2. Nf3 Nc6 3. d4 exd4 4. Nxd4 Bc5 5. Nb3 Bb6 6. Nc3 Nf6 7. a4 a5 8. Bg5
d6 9. Bd3 Be6 10. O-O Ne5 11. Bb5+ c6 12. Be2 Bxb3 13. cxb3 Bc5 14. Kh1 h6 15.
Bh4 Ng6 16. Bg3 Qe7 17. Re1 O-O 18. Bc4 Rfe8 19. f3 Qd7 20. Qc2 Kh8 21. Rad1 Qc7
22. Bd3 Re7 23. f4 Nh5 24. Ne2 Nxg3+ 25. Nxg3 Nxf4 26. Bc4 Rae8 27. Nf5 Re5 28.
Qc3 Bb4 29. Qg3 Ng6 30. Rf1 Rf8 31. h4 d5 32. exd5 Qb8 33. h5 Rxf5 34. Qxb8 Rxf1+
35. Rxf1 Rxb8 36. hxg6 cxd5 37. Bxd5 fxg6 38. Be4 g5 39. Rf7 b6 40. Kh2 Bc5 41.
Kh3 Re8 42. Bg6 Rd8 43. Bf5 Bd4 44. Rb7 Kg8 45. Be6+ Kf8 46. Kg4 Rd6 47. Bc4 Bxb2
48. Kh5 Bd4 49. Kg4 Rf6 50. g3 Rd6 51. Kh5 Be5 52. g4 Rc6 53. Rf7+ Ke8 54. Bb5
Kxf7 55. Bxc6 Bd6 56. Be4 1/2-1/2

[Event "Druzynowe Mistrzostwa Polski Juniorow - I Liga"]
[Site "Centrum Wypoczynkowo-Szkoleniowe Gwarek, Ustron"]
[Date "1899-12-30"]
[Round "4.13"]
[White "Czajkowski, Adam"]
[Black "Maj, Kornel"]
[Result "1-0"]
[WhiteTitle "I++"]
[BlackTitle "I"]
[WhiteElo "2073"]
[BlackElo "2051"]

1. e4 c5 2. Nf3 d6 3. d4 cxd4 4. Nxd4 Nf6 5. Nc3 Nc6 6. Bg5 e6 7. Qd2 a6 8. O-O-O
h6 9. Be3 Be7 10. f3 Bd7 11. Kb1 b5 12. Nxc6 Bxc6 13. Ne2 Qc7 14. Nd4 Bb7 15.
h4 d5 16. e5 Nd7 17. f4 Nc5 18. Bd3 Ne4 19. Qe1 Bc5 20. Rh3 Rc8 21. Qe2 h5 22.
g4 g6 23. Rh2 hxg4 24. Qxg4 Qb6 25. h5 Kf8 26. Qg1 gxh5 27. Rg2 b4 28. Bxe4 dxe4
29. f5 exf5 30. Nxf5 Bxe3 31. Nxe3 Rc3 32. Rd6 Rc6 33. Rgd2 Rxd6 34. Rxd6 Qc7
35. Qg5 Bc6 36. Nf5 Rg8 37. Rd8+ Be8 38. Qh6+ Rg7 39. Qxg7# 1-0

[Event "Druzynowe Mistrzostwa Polski Juniorow - I Liga"]
[Site "Centrum Wypoczynkowo-Szkoleniowe Gwarek, Ustron"]
[Date "1899-12-30"]
[Round "4.15"]
[White "Musial, Tomasz"]
[Black "Ochowicz, Jakub"]
[Result "1-0"]
[WhiteTitle "II"]
[BlackTitle "I"]
[WhiteElo "1595"]
[BlackElo "1849"]

1. e4 c6 2. d4 d5 3. Nc3 dxe4 4. Nxe4 Bf5 5. Ng3 Bg6 6. h4 h6 7. h5 Bh7 8. Nf3
Nd7 9. Bd3 Bxd3 10. Qxd3 e6 11. Bf4 Qa5+ 12. Bd2 Bb4 13. a3 Bxd2+ 14. Qxd2 Qb6
15. O-O Ngf6 16. c4 O-O 17. b4 Rfd8 18. Qc3 Qc7 19. Rfe1 b6 20. Ne5 c5 21. dxc5
bxc5 22. b5 Nxe5 23. Qxe5 Qxe5 24. Rxe5 Nd7 25. Re4 Nf6 26. Re5 Rac8 27. a4 Rd4
28. Rc1 Rd2 29. a5 Ra2 30. a6 Kf8 31. Ree1 Rd8 32. Ra1 Rad2 33. Ne4 Nxe4 34. Rxe4
Ke7 35. Rg4 Kf8 36. Rg3 R8d6 37. Rb3 Rb6 38. Raa3 Rd4 39. Rd3 Rdd6 40. Rxd6 Rxd6
41. Rb3 Ke7 42. Kf1 Rd4 43. b6 axb6 44. Ke2 f5 45. a7 Rd8 46. Rxb6 Ra8 47. Rb7+
Kf6 48. Kd2 g6 49. hxg6 Kxg6 50. Kc3 e5 51. Kb3 e4 52. Ka4 f4 53. Ka5 e3 54. fxe3
fxe3 55. Ka6 Kf6 56. Rb8 e2 57. Rxa8 e1=Q 58. Rf8+ Kg7 59. a8=Q Qa1+ 60. Kb6 Qb2+
61. Kxc5 Qe5+ 62. Qd5 Qc7+ 63. Kb5 Kxf8 64. Qc5+ Qe7 65. Qxe7+ Kxe7 66. Kb6 Kd7
67. c5 1-0

[Event "Druzynowe Mistrzostwa Polski Juniorow - I Liga"]
[Site "Centrum Wypoczynkowo-Szkoleniowe Gwarek, Ustron"]
[Date "1899-12-30"]
[Round "4.16"]
[White "Polczyk, Mikolaj"]
[Black "Lyszczarz, Konrad"]
[Result "1-0"]
[WhiteTitle "I"]
[BlackTitle "II"]
[WhiteElo "1716"]
[BlackElo "1329"]

1. e4 e5 2. f4 exf4 3. Nf3 Nc6 4. d4 d5 5. exd5 Qxd5 6. Bd3 Bg4 7. Qe2+ Be7 8.
Be4 Qd6 9. c3 Nf6 10. Bd3 O-O 11. O-O Nd5 12. Nbd2 Rae8 13. Nc4 Qh6 14. Qe4 Qg6
15. Nfe5 Nxe5 16. Nxe5 Qxe4 17. Bxe4 Rd8 18. Nxg4 1-0

[Event "Druzynowe Mistrzostwa Polski Juniorow - I Liga"]
[Site "Centrum Wypoczynkowo-Szkoleniowe Gwarek, Ustron"]
[Date "1899-12-30"]
[Round "4.17"]
[White "Pyzio, Amelia"]
[Black "Stebel, Agata"]
[Result "0-1"]
[WhiteTitle "I"]
[BlackTitle "k"]
[WhiteElo "1409"]
[BlackElo "1864"]

1. e4 e5 2. Nf3 Nc6 3. Bc4 Nf6 4. d3 Be7 5. O-O O-O 6. c3 d5 7. exd5 Nxd5 8. Re1
Bg4 9. h3 Bh5 10. Nbd2 Nb6 11. Qe2 Bd6 12. Bb3 Kh8 13. Ne4 f5 14. Nxd6 cxd6 15.
Qe3 h6 16. Nh2 f4 17. Qd2 d5 18. Bc2 Qf6 19. b4 Ne7 20. Bd1 Bxd1 21. Qxd1 Ng6
22. Qh5 Rae8 23. Bd2 e4 24. dxe4 dxe4 25. Bc1 Nc4 26. Qd5 Qxc3 27. Bxf4 Nxf4 28.
Qxb7 Nd3 29. Rf1 Qd4 30. Qb5 Nxf2 31. Ng4 Nxg4+ 0-1

[Event "Druzynowe Mistrzostwa Polski Juniorow - I Liga"]
[Site "Centrum Wypoczynkowo-Szkoleniowe Gwarek, Ustron"]
[Date "1899-12-30"]
[Round "4.18"]
[White "Bilczewska, Olga"]
[Black "Kucharska, Honorata"]
[Result "0-1"]
[WhiteTitle "I"]
[BlackTitle "I++"]
[WhiteElo "1673"]
[BlackElo "1719"]

1. e4 e6 2. d4 d5 3. Nc3 Nf6 4. Bg5 Be7 5. e5 Nfd7 6. h4 h6 7. Bxe7 Qxe7 8. f4
c5 9. Nf3 Nc6 10. dxc5 Nxc5 11. Qd2 a6 12. O-O-O b5 13. Bd3 Bb7 14. Kb1 Na4 15.
Nxa4 bxa4 16. a3 Rb8 17. Ka1 Qc5 18. f5 Bc8 19. fxe6 Bxe6 20. Rb1 Rb6 21. Rhe1
Na7 22. Qe3 Qc7 23. Nd4 Nb5 24. Nxe6 Rxe6 25. Bxb5+ axb5 26. Qd3 O-O 27. Qxd5
b4 28. Qd3 bxa3 29. Qxa3 Qxc2 30. g3 Ra8 31. Qc3 Qb3 32. Rbc1 Qb6 33. Qa3 Qb7
34. Rc2 Rb6 35. Rce2 Rb3 36. Qa2 a3 37. bxa3 Rbxa3 38. Rb1 Rxa2+ 39. Rxa2 Rxa2+
40. Kxa2 Qg2+ 41. Rb2 Qxg3 0-1

[Event "Druzynowe Mistrzostwa Polski Juniorow - I Liga"]
[Site "Centrum Wypoczynkowo-Szkoleniowe Gwarek, Ustron"]
[Date "1899-12-30"]
[Round "4.19"]
[White "Kaczmarek, Aleksander"]
[Black "Kucza, Karol"]
[Result "0-1"]
[WhiteTitle "FM"]
[BlackTitle "k"]
[WhiteElo "2238"]
[BlackElo "2119"]

1. e4 e5 2. Nf3 Nc6 3. Nc3 Nf6 4. g3 d5 5. exd5 Nd4 6. h3 Bf5 7. Nxd4 exd4 8. Qf3
Qe7+ 9. Kd1 Bg6 10. Bb5+ c6 11. dxc6 O-O-O 12. cxb7+ Kb8 13. Na4 Be4 14. Qf4+
Kxb7 15. Re1 Bxc2+ 16. Kxc2 Qxe1 17. Bd3 Rc8+ 18. Nc3 dxc3 19. bxc3 Bc5 20. Rb1+
Bb6 21. a4 Qe6 22. Bf5 Qd5 23. d3 Rc5 24. g4 g6 25. d4 Rxc3+ 26. Kxc3 gxf5 27.
Rb5 Rc8+ 28. Kb2 Qc4 29. Bd2 Ne4 30. Qxf5 Qxd4+ 31. Ka3 Qa1+ 32. Kb4 Qb2# 0-1

[Event "Druzynowe Mistrzostwa Polski Juniorow - I Liga"]
[Site "Centrum Wypoczynkowo-Szkoleniowe Gwarek, Ustron"]
[Date "1899-12-30"]
[Round "4.20"]
[White "Madrawski, Krzysztof"]
[Black "Powalka, Michal"]
[Result "1-0"]
[WhiteTitle "I+"]
[BlackTitle "I++"]
[WhiteElo "1972"]
[BlackElo "1975"]

1. e4 e5 2. Nf3 Nc6 3. d4 exd4 4. Bc4 Nf6 5. e5 d5 6. Bb5 Ne4 7. Nxd4 Bc5 8. O-O
O-O 9. Bxc6 bxc6 10. f3 Ng5 11. Be3 Ne6 12. Kh1 Bxd4 13. Bxd4 c5 14. Bf2 Qg5 15.
Bg3 Bb7 16. f4 Qf5 17. Nd2 f6 18. Nf3 fxe5 19. Nh4 Qf6 20. fxe5 Qg5 21. c3 Bc6
22. Qe2 Rfb8 23. Rf5 Qe7 24. Qd2 d4 25. Rf2 Qd7 26. Nf5 Rf8 27. Bh4 Rf7 28. Raf1
Bb5 29. Nh6+ gxh6 30. Rxf7 Qd5 31. Qxh6 Bd3 32. Re7 Bg6 33. Bf6 Qc4 34. Kg1 1-0

[Event "Druzynowe Mistrzostwa Polski Juniorow - I Liga"]
[Site "Centrum Wypoczynkowo-Szkoleniowe Gwarek, Ustron"]
[Date "1899-12-30"]
[Round "4.21"]
[White "Paliwoda, Borys"]
[Black "Woloch, Oskar"]
[Result "0-1"]
[WhiteTitle "II"]
[BlackTitle "k"]
[WhiteElo "1510"]
[BlackElo "2108"]

1. e4 e5 2. Nf3 Nc6 3. Bc4 Bc5 4. c3 Nf6 5. d3 a6 6. O-O Ba7 7. Bg5 h6 8. Bh4 g5
9. Bg3 d6 10. Bb3 Qe7 11. Re1 Bg4 12. Nbd2 O-O-O 13. Qc2 Nh5 14. Kh1 Nxg3+ 15.
fxg3 h5 16. Nf1 h4 17. gxh4 Bxf3 18. gxf3 Rxh4 19. Ng3 Qf6 20. Nf5 Rf4 21. Qg2
Ne7 22. Nxe7+ Qxe7 23. Rad1 Qf6 24. Rf1 Rh8 25. Bd5 Rfh4 26. Rd2 Be3 27. Re2 Bf4
28. Qg1 Rxh2+ 29. Rxh2 Rxh2+ 30. Qxh2 Bxh2 31. Kxh2 Qf4+ 32. Kg2 c6 33. Bc4 b5
34. Bb3 Kc7 35. a4 f6 36. Rf2 Qe3 37. axb5 axb5 38. Bc2 d5 39. Kg3 Kd6 40. Kg2
Qc1 41. b3 Kc5 42. Kh2 Qe1 43. Kg2 Qxc3 44. Kg3 Kd4 45. Re2 Qa1 46. Kg2 b4 47.
Kf2 Qh1 48. exd5 cxd5 49. Kg3 Qh4+ 50. Kg2 g4 51. fxg4 Qxg4+ 52. Kf2 f5 53. Ke1
f4 54. Kf2 Qg3+ 55. Kf1 f3 56. Rf2 Ke3 57. d4 Qxf2# 0-1

[Event "Druzynowe Mistrzostwa Polski Juniorow - I Liga"]
[Site "Centrum Wypoczynkowo-Szkoleniowe Gwarek, Ustron"]
[Date "1899-12-30"]
[Round "4.22"]
[White "Gorkiewicz, Mateusz"]
[Black "Anyz, Monika"]
[Result "1-0"]
[WhiteTitle "II"]
[BlackTitle "II"]
[WhiteElo "1353"]
[BlackElo "1291"]

1. e4 c5 2. Nf3 a6 3. Nc3 b5 4. d4 cxd4 5. Nxd4 Bb7 6. a3 e6 7. Bd3 b4 8. axb4
Bxb4 9. Nde2 Nf6 10. O-O O-O 11. h3 Nc6 12. Bf4 d5 13. exd5 exd5 14. Na2 Bc5 15.
c3 a5 16. Bc2 a4 17. Ng3 Na5 18. Nh5 Ba6 19. Re1 Nc4 20. Rb1 Qb6 21. Nxf6+ Qxf6
22. Qg4 Rfe8 23. Rxe8+ Rxe8 24. Bg3 Nd2 25. Rd1 Be2 26. Qxa4 Rd8 27. Rxd2 Qe7
28. b4 Bb6 29. Qc6 1-0

[Event "Druzynowe Mistrzostwa Polski Juniorow - I Liga"]
[Site "Centrum Wypoczynkowo-Szkoleniowe Gwarek, Ustron"]
[Date "1899-12-30"]
[Round "4.23"]
[White "Harazinska, Ewa"]
[Black "Dwilewicz, Katarzyna"]
[Result "1-0"]
[WhiteTitle "WFM"]
[BlackTitle "I++"]
[WhiteElo "2034"]
[BlackElo "1872"]

1. d4 d5 2. c4 c5 3. dxc5 Nf6 4. cxd5 Qxd5 5. Qxd5 Nxd5 6. e4 Nb4 7. Na3 e6 8.
Bd2 a5 9. Bxb4 axb4 10. Nb5 Na6 11. Rc1 Bd7 12. Nd6+ Bxd6 13. cxd6 Bc6 14. Nf3
O-O 15. Bd3 Nb8 16. Bb1 Rd8 17. Rd1 Ra6 18. Rd2 Bb5 19. e5 f6 20. Nd4 Bc4 21.
f4 fxe5 22. fxe5 Ra5 23. Nf3 Nc6 24. b3 Ba6 25. Kd1 Nxe5 26. Ng5 Nc4 27. Bxh7+
Kh8 28. bxc4 Rxg5 29. Be4 b6 30. Kc1 Bxc4 31. Rhd1 Rc5 32. Kb1 b3 33. a3 Rd7 34.
Kb2 Kg8 35. Rd4 b5 36. Bf3 Kf7 37. Rf4+ Kg8 38. Rd2 g6 39. Be4 Kh7 40. Rf6 Rg5
41. Bc6 Rd8 42. Rf7+ Kg8 43. Rc7 Rf5 44. Bb7 Kf8 45. a4 Bd5 46. a5 Rf7 47. Rxf7+
Kxf7 48. Bxd5 exd5 49. Rxd5 Ke6 50. Rd3 Rxd6 51. Rxd6+ Kxd6 52. h4 Kc5 53. g4
1-0

[Event "Druzynowe Mistrzostwa Polski Juniorow - I Liga"]
[Site "Centrum Wypoczynkowo-Szkoleniowe Gwarek, Ustron"]
[Date "1899-12-30"]
[Round "4.24"]
[White "Karlyk, Maria"]
[Black "Harazinska, Magdalena"]
[Result "1/2-1/2"]
[WhiteTitle "I"]
[BlackTitle "I++"]
[WhiteElo "1392"]
[BlackElo "1857"]

1. e4 c5 2. Nf3 e6 3. d4 cxd4 4. Nxd4 Nf6 5. Bd3 d6 6. Nc3 a6 7. O-O Nc6 8. Nb3
b5 9. Kh1 Bb7 10. f4 Be7 11. Qf3 Qc7 12. Bd2 O-O 13. Qh3 e5 14. Nd5 Qd8 15. Rae1
Bc8 16. f5 Nd4 17. Ba5 Qd7 18. Nb6 Qb7 19. Nxa8 Qxa8 20. Nxd4 exd4 21. Bb6 Bb7
22. Bxd4 Bd8 23. Bxf6 Bxf6 24. c3 Re8 25. Qg4 Re5 26. Re2 Qe8 27. Rfe1 h6 28.
Bc2 Qe7 29. Bb3 Kh7 30. Bd5 Bc8 31. Qh5 g6 32. fxg6+ fxg6 33. Qf3 Kg7 34. Rf1
Be6 35. Bxe6 Rxe6 36. Rfe1 Be5 37. Rf2 h5 38. Ref1 Bf6 39. Re2 Be5 40. Ref2 Bf6
41. Re2 1/2-1/2

[Event "Druzynowe Mistrzostwa Polski Juniorow - I Liga"]
[Site "Centrum Wypoczynkowo-Szkoleniowe Gwarek, Ustron"]
[Date "1899-12-30"]
[Round "4.25"]
[White "Januszkiewicz, Wojciech"]
[Black "Winiarski, Mikolaj"]
[Result "0-1"]
[WhiteTitle "I+"]
[BlackTitle "k"]
[WhiteElo "2025"]
[BlackElo "2160"]

1. e4 c5 2. Nf3 d6 3. d4 cxd4 4. Nxd4 Nf6 5. Nc3 a6 6. Be2 e6 7. a4 b6 8. Bf3 Ra7
9. Be3 Rd7 10. g4 Bb7 11. g5 Ng8 12. Qe2 Ne7 13. O-O-O Nec6 14. Nxc6 Nxc6 15.
h4 Be7 16. Bg2 O-O 17. f4 Re8 18. Bh3 Bf8 19. Qg4 Nb4 20. Rhe1 d5 21. exd5 Nxd5
22. Nxd5 Bxd5 23. Bg2 b5 24. Bxd5 Rxd5 25. Rxd5 Qxd5 26. Qd1 Qa2 27. Qd7 Ra8 28.
Bd4 Qa1+ 29. Kd2 Qxa4 30. h5 Qa5+ 31. c3 b4 32. h6 Rd8 33. Qa7 Bc5 34. Ke3 Bxa7
0-1

[Event "Druzynowe Mistrzostwa Polski Juniorow - I Liga"]
[Site "Centrum Wypoczynkowo-Szkoleniowe Gwarek, Ustron"]
[Date "1899-12-30"]
[Round "4.26"]
[White "Wisniewski, Jacek"]
[Black "Lebiedowicz, Borys"]
[Result "1-0"]
[WhiteTitle "I"]
[BlackTitle "II+"]
[WhiteElo "1841"]
[BlackElo "1813"]

1. e4 e5 2. Nf3 Nc6 3. Bb5 a6 4. Ba4 Nf6 5. d3 d6 6. c3 b5 7. Bb3 Be7 8. O-O Bg4
9. Nbd2 O-O 10. Re1 d5 11. exd5 Nxd5 12. Ne4 Nf4 13. d4 Ng6 14. dxe5 Ncxe5 15.
Qxd8 Raxd8 16. Nxe5 Nxe5 17. Bg5 Bxg5 18. Nxg5 Ng6 19. h3 Bf5 20. Rad1 Rxd1 21.
Rxd1 h6 22. Nxf7 Rxf7 23. g4 Be4 24. Rd7 Ne5 25. Bxf7+ Nxf7 26. Rxc7 Nd6 27. Ra7
Bb7 28. b3 Kh7 29. c4 bxc4 30. bxc4 Be4 31. c5 Nb7 32. c6 Bxc6 33. Rxa6 Bd7 34.
Kh2 Nc5 35. Rd6 Be8 36. f3 Kg8 37. Kg3 Kf7 38. Rd5 Na4 39. Kf4 Ke6 40. Re5+ Kd7
41. Ra5 Kd6 42. Kf5 Nc5 43. Ra7 Bd7+ 44. Kg6 Ne6 45. Ra6+ Ke5 46. Rxe6+ Bxe6 47.
a4 Bd5 48. Kxg7 Bxf3 49. Kxh6 Kf6 50. g5+ Kf7 51. g6+ Kg8 52. h4 Be2 53. h5 Bd3
54. Kg5 Kg7 55. h6+ Kg8 56. Kf6 Bc4 57. a5 Kh8 58. h7 Bd3 59. g7+ Kxh7 60. Kf7
1-0

[Event "Druzynowe Mistrzostwa Polski Juniorow - I Liga"]
[Site "Centrum Wypoczynkowo-Szkoleniowe Gwarek, Ustron"]
[Date "1899-12-30"]
[Round "4.27"]
[White "Grzesik, Gracjan"]
[Black "Chylewski, Patryk"]
[Result "0-1"]
[WhiteTitle "II+"]
[BlackTitle "k"]
[WhiteElo "1617"]
[BlackElo "2168"]

1. e4 c5 2. Nf3 e6 3. d4 cxd4 4. Nxd4 Nc6 5. Nxc6 bxc6 6. Bd3 d5 7. exd5 cxd5 8.
Be3 Nf6 9. c3 Bd6 10. O-O O-O 11. Nd2 e5 12. h3 h6 13. Nb3 Qe7 14. Re1 Re8 15.
Qd2 Be6 16. Rad1 d4 17. Bxh6 gxh6 18. Qxh6 e4 19. Bxe4 Nxe4 20. Rxe4 Qf8 21. Qxf8+
Kxf8 22. Rdxd4 Bc7 23. Kf1 Bb6 24. Rd1 a5 25. g4 a4 26. Nc1 Rec8 27. a3 Bc4+ 28.
Kg1 Kg7 29. Ne2 Re8 30. Rxe8 Rxe8 31. Nd4 Bb3 32. Nxb3 axb3 33. Rd2 Re1+ 34. Kg2
Bc5 35. Kf3 Ra1 36. Rd5 Bxa3 37. Rb5 Bxb2 38. Rxb3 Ba3 39. c4 Bc5 40. Rb5 Bd4
41. Rd5 Ba7 42. Kg2 Ra2 43. Rf5 Rc2 44. Rf3 Rxc4 45. Rf5 Kg6 46. Rf3 Bb8 47. Rf5
Bd6 48. Rd5 Be7 49. Rf5 Bh4 50. Rf3 Rc5 51. Rf4 f6 52. Rf3 Kf7 53. Re3 Rc2 54.
Rf3 Ke6 55. Rf5 Rd2 56. Kg1 Rd5 57. Rf3 Ke5 58. Kg2 Rd2 59. Rf5+ Ke4 60. Rf3 Re2
61. Rf5 Kd3 62. Rd5+ Kc2 63. Rc5+ Kd2 64. Rd5+ Ke1 65. Rf5 Rxf2+ 66. Rxf2 Bxf2
67. Kf3 Bh4 68. Kf4 Kf2 69. Ke4 Kg3 70. Ke3 Kxh3 71. Kf4 Bg5+ 72. Kf3 Kh4 73.
Kf2 Kxg4 74. Kg2 f5 75. Kf2 f4 76. Kg2 f3+ 77. Kf2 Bh4+ 78. Kf1 Kg3 79. Kg1 f2+
80. Kf1 Kh2 81. Ke2 Kg2 0-1

[Event "Druzynowe Mistrzostwa Polski Juniorow - I Liga"]
[Site "Centrum Wypoczynkowo-Szkoleniowe Gwarek, Ustron"]
[Date "1899-12-30"]
[Round "4.28"]
[White "Maminski, Hubert"]
[Black "Luczak, Filip"]
[Result "1-0"]
[WhiteTitle "I"]
[BlackTitle "II+"]
[WhiteElo "1763"]
[BlackElo "1629"]

1. d4 Nf6 2. c4 e6 3. g3 Bb4+ 4. Bd2 Qe7 5. Bg2 Nc6 6. a3 Bxd2+ 7. Qxd2 d6 8. Nc3
O-O 9. e4 e5 10. d5 Nd4 11. Rb1 Nd7 12. Nge2 Nxe2 13. Qxe2 Nb6 14. O-O f5 15.
exf5 Bxf5 16. Be4 g6 17. Rbc1 Rf7 18. b4 Nd7 19. Na4 a5 20. Nc3 b6 21. Nb5 Nf6
22. Bxf5 gxf5 23. Rfd1 Rg7 24. c5 axb4 25. axb4 bxc5 26. bxc5 Ne4 27. cxd6 cxd6
28. Nc7 Ra3 29. Ne6 Nc3 30. Qb2 Qa7 31. Rxc3 Rxc3 32. Qxc3 Rf7 33. Qc8+ Rf8 34.
Qxf8# 1-0

[Event "Druzynowe Mistrzostwa Polski Juniorow - I Liga"]
[Site "Centrum Wypoczynkowo-Szkoleniowe Gwarek, Ustron"]
[Date "1899-12-30"]
[Round "4.29"]
[White "Czaplewska, Klara"]
[Black "Olechnicka, Karolina"]
[Result "1-0"]
[WhiteTitle "I++"]
[BlackTitle "k++"]
[WhiteElo "1669"]
[BlackElo "1892"]

1. e4 c5 2. Nf3 d6 3. d4 cxd4 4. Nxd4 Nf6 5. Nc3 a6 6. Be2 e6 7. a4 Be7 8. O-O
O-O 9. f4 Qc7 10. Kh1 Re8 11. Be3 Nc6 12. Qd2 Bd7 13. Nb3 Na5 14. Nxa5 Qxa5 15.
Bf3 Qb4 16. e5 dxe5 17. fxe5 Nd5 18. Nxd5 exd5 19. Bxd5 Be6 20. Qxb4 Bxb4 21.
Bxb7 Rad8 22. Bxa6 Bd5 23. Bf4 h6 24. c3 Bc5 25. b4 Ba7 26. c4 Ba8 27. Rad1 g5
28. Bg3 Bd4 29. Bb5 Rf8 30. c5 h5 31. h4 Be4 32. e6 gxh4 33. Bxh4 Kh8 34. Bxd8
Rg8 35. Rd2 Be3 36. exf7 1-0

[Event "Druzynowe Mistrzostwa Polski Juniorow - I Liga"]
[Site "Centrum Wypoczynkowo-Szkoleniowe Gwarek, Ustron"]
[Date "1899-12-30"]
[Round "4.30"]
[White "Moscicka, Pola"]
[Black "Bienko, Jagoda"]
[Result "1-0"]
[WhiteTitle "I"]
[BlackTitle "II"]
[WhiteElo "1644"]
[BlackElo "1242"]

1. d4 d5 2. c4 c6 3. Nc3 Nf6 4. Nf3 e6 5. Bg5 Be7 6. e3 Nbd7 7. Qc2 Qc7 8. Bd3
dxc4 9. Bxc4 b5 10. Bd3 a6 11. O-O O-O 12. Bxh7+ Nxh7 13. Bxe7 Re8 14. Bh4 Bb7
15. Bg3 Qb6 16. Ne4 Nhf6 17. Nc5 Nxc5 18. dxc5 Qd8 19. Rfd1 Qc8 20. Be5 Nh7 21.
Nd2 Rd8 22. Ne4 Rd7 23. Nd6 Qf8 24. Rd4 f6 25. Bg3 f5 26. Nxf5 Rxd4 27. Nxd4 Qf7
28. Rd1 Nf6 29. Nf3 Qe8 30. Be5 Ng4 31. Qe4 Nxe5 32. Qxe5 Qe7 33. Rd6 Re8 34.
Nd4 Kf7 35. Nxc6 Bxc6 36. Rxc6 Rd8 37. h3 a5 38. Rc7 Rd7 39. Qf4+ Kg8 40. Rxd7
Qxd7 41. Qd6 Qf7 42. c6 1-0

[Event "Druzynowe Mistrzostwa Polski Juniorow - I Liga"]
[Site "Centrum Wypoczynkowo-Szkoleniowe Gwarek, Ustron"]
[Date "1899-12-30"]
[Round "5.1"]
[White "Winiarski, Mikolaj"]
[Black "Korpalski, Maciej"]
[Result "1-0"]
[WhiteTitle "k"]
[BlackTitle "I"]
[WhiteElo "2160"]
[BlackElo "1838"]

1. d4 Nf6 2. c4 g6 3. f3 Bg7 4. e4 d6 5. Nc3 O-O 6. Be3 Nbd7 7. Qd2 c5 8. Nge2
a6 9. O-O-O Qa5 10. Kb1 b5 11. Nd5 Nxd5 12. Qxa5 Nxe3 13. Rd3 Nxc4 14. Qe1 f5
15. exf5 Ndb6 16. g4 gxf5 17. Bh3 f4 18. Qc1 Nd5 19. dxc5 Bxb2 20. Qe1 Be6 21.
Nd4 Bf7 22. Nf5 Nde3 23. Nxe7+ Kh8 24. cxd6 Bf6 25. Nf5 b4 26. Nxe3 fxe3 27. Rxe3
Nxe3 28. Qxe3 Bg6+ 29. Kc1 Rac8+ 30. Kd1 Rfd8 31. Qe6 Bb2 32. d7 Rc1+ 33. Ke2
Rc2+ 34. Ke3 Rc7 35. Rd1 Bg7 36. Qe7 Rf8 37. Qxf8+ Bxf8 38. d8=Q Re7+ 39. Kf2
Re8 40. Qf6+ Bg7 41. Qxa6 1-0